| 000 | 00755nam a2200241 a 4500 | ||
|---|---|---|---|
| 999 |
_c1202 _d1202 |
||
| 001 | 15329 | ||
| 003 | BD-DhUAP | ||
| 005 | 20200203161908.0 | ||
| 008 | 930504s1991 nr b 000 0 eng | ||
| 010 | _a 93149138 | ||
| 020 | _z9788175347540 | ||
| 040 |
_aBD-DhUAP _cBD-DhUAP _bEng _dBD-DhUAP |
||
| 082 | 0 | 0 |
_a341.48 HUM _223 |
| 245 | 1 | 0 | _aHuman rights in international law / |
| 250 | _a3rd ed. | ||
| 260 |
_aNew Delhi : _bUniversal law publishing, _cc2000 [Reprinted 2009]. |
||
| 300 |
_a707 pages ; _c25 cm. |
||
| 504 | _aIncludes bibliographical references. | ||
| 650 | 0 | _aHuman rights. | |
| 710 | _aCouncil of Europe Publishing. | ||
| 942 |
_2ddc _cBK |
||